01433cam a2200325 a 45000010009000000050017000090080041000260100015000670200042000820200039001240400062001630820020002251000023002452450092002682500012003602600073003723000042004455000043004875000024005305040027005545050221005816500026008026500030008286500023008586530025008816550024009069420020009309990017009509520140009671643494420201128021129.0100826t2010 xxudk frb 001 0 eng d a2010034780 a9781605093079 (hardback : alk. paper) a1605093076 (hardback : alk. paper) aDLCcDLCdYDXdUKMdBTCTAdYDXCPdZPXdCDXdDLCdEG-ScBUE00a338.04222bRAB1 aRabb, Chris93656510aInvisible capital :bhow unseen forces shape entrepreneurial opportunity /cChris Rabb. a1st ed. aSan Francisco, United States :bBerrett-Koehler Publishers,cc.2010. axv, 173 p. :bcharts, forms ;c22 cm. a"Published in association with Demos." aIndex : p. 167-171. aBibliography : p. 166.0 aDreaming a difficult dream-The landscape of modern American enterprise-Invisible capital exposed-Democratizing entrepreneurial opportunity-Reframing entrepreneurial success-and failure-Toward commonwealth enterprise. 0aEntrepreneurship9240 0aSuccess in business91390 0aOpportunity936566 bBUSADMcNovember2014 vreading book934232 2ddck338.04 RAB c18636d18608 00102ddc40708BaccahaMAINbMAINc1STd2014-11-17epurchaseg95.00h20677l0o338.04 RABp000037019r2025-07-15 00:00:00v118.75yBB